[Event "Toronto NAYCC U10"]
[Site "Toronto"]
[Date "2013.08.18"]
[Round "9"]
[White "Wong, Anthony G"]
[Black "Zheng, Victor"]
[Result "0-1"]
[WhiteElo "1482"]
[BlackElo "1016"]
[PlyCount "116"]
[EventDate "2013.08.14"]
[EventType "swiss"]
[EventRounds "9"]
[EventCountry "CAN"]
[SourceTitle "EXT 2022"]
[Source "ChessBase"]
[SourceDate "2021.10.06"]
[SourceVersion "1"]
[SourceVersionDate "2021.10.06"]
[SourceQuality "1"]

1. c4 e5 2. Nc3 Nf6 3. g3 g6 4. Bg2 Bg7 5. Nf3 d6 6. 0-0 0-0 7. b4 Nbd7 8. Bb2 Rb8 9. Nb5 a6 10. Na7 b5 11. Nxc8 Qxc8 12. c5 dxc5 13. bxc5 e4 14. Ng5 Nxc5 15. Qc2 Qf5 16. Rac1 Qxg5 17. Qxc5 Qxd2 18. Bxf6 Bxf6 19. Rc2 Qd4 20. Qxd4 Bxd4 21. Bxe4 Rfe8 22. Bd5 Rbd8 23. Bc6 Re6 24. Bf3 Bb6 25. e3 Rf6 26. Bb7 a5 27. Bg2 Kg7 28. a3 c5 29. Rb1 b4 30. h4 Rd3 31. axb4 cxb4 32. Rc6 Rxc6 33. Bxc6 Ra3 34. Bd5 Kf6 35. e4 Rxg3+ 36. Kf1 Rh3 37. Ke2 Rxh4 38. Rc1 Ke5 39. Rc6 Bd4 40. Ra6 Rh2 41. Rxa5 Rxf2+ 42. Kd3 Bc3 43. Bxf7+ Kd6 44. Rd5+ Ke7 45. Bg8 Rd2+ 46. Kc4 Rxd5 47. exd5 h5 48. Bh7 g5 49. Bg6 h4 50. Bf5 Kd6 51. Bg4 Be1 52. Bf5 b3 53. Kxb3 Kxd5 54. Kc2 Ke5 55. Bh3 Kf4 56. Kd1 Kg3 57. Bd7 Bb4 58. Ke2 h3 0-1

[Event "Toronto NAYCC U10"]
[Site "Toronto"]
[Date "2013.08.16"]
[Round "4"]
[White "Demers, Alexis"]
[Black "Wong, Anthony G"]
[Result "0-1"]
[WhiteElo "1181"]
[BlackElo "1482"]
[PlyCount "92"]
[EventDate "2013.08.14"]
[EventType "swiss"]
[EventRounds "9"]
[EventCountry "CAN"]
[SourceTitle "EXT 2022"]
[Source "ChessBase"]
[SourceDate "2021.10.06"]
[SourceVersion "1"]
[SourceVersionDate "2021.10.06"]
[SourceQuality "1"]

1. d4 e6 2. c4 Nf6 3. Nc3 Bb4 4. e3 d6 5. Nge2 Nbd7 6. a3 Bxc3+ 7. Nxc3 b6 8. Be2 Bb7 9. 0-0 0-0 10. Bf3 Bxf3 11. Qxf3 Qe7 12. e4 e5 13. d5 h6 14. Qg3 Kh8 15. Re1 Rg8 16. b4 a6 17. Bb2 Rac8 18. b5 a5 19. Na4 Nh5 20. Qf3 Nf4 21. Bc1 Ng6 22. Qh3 Kh7 23. Re3 Nf6 24. Bd2 Nf4 25. Qf3 g5 26. Kh1 g4 27. Qd1 g3 28. Rxg3 Nxe4 29. Qc2 f5 30. Rxg8 Rxg8 31. Bxf4 exf4 32. f3 Qg7 33. Rg1 Ng5 34. Qxf5+ Kh8 35. Qg4 Qd4 36. h4 Ne4 37. Qe6 Ng3+ 38. Kh2 Qg7 39. Nc3 a4 40. Qg4 Qxc3 41. Qxf4 Qg7 42. Re1 Nh5 43. Qd2 Nf4 44. g3 Qxg3+ 45. Kh1 Qxh4+ 46. Qh2 Qxe1+ 0-1